Charles Darwin's diary of the voyage of H. M. S. Beagle. Edited from the MS by Nora Barlow
Guardat en:
| Autor principal: | |
|---|---|
| Format: | Llibre |
| Idioma: | anglès |
| Publicat: |
Cambridge
University Press
1933
|
| Edició: | 3a. ed |
| Matèries: | |
| Etiquetes: |
Afegir etiqueta
Sense etiquetes, Sigues el primer a etiquetar aquest registre!
|
MARC
| LEADER | 00000nam a2200000 a 4500 | ||
|---|---|---|---|
| 001 | UCJ3195 | ||
| 003 | CL-VaPUC | ||
| 008 | 070124e19330000uk |||||||||||||||||eng|d | ||
| 082 | 0 | 4 | |a 910.4 |b DAR |2 21 |
| 100 | |a Darwin Charles |e author |9 398 | ||
| 245 | 1 | 0 | |a Charles Darwin's diary of the voyage of H. M. S. Beagle. Edited from the MS by Nora Barlow |
| 250 | |a 3a. ed | ||
| 300 | |a 442 p | ||
| 942 | |c BK | ||
| 945 | |d 20070124 00:00:00 |a rinostro | ||
| 260 | |a Cambridge |b University Press |c 1933 | ||
| 500 | |a Front., retrato del joven Darwin, de origen desconocido, aunque por su semejanza con un retrato a color realizado por George Richmond, pudiera ser un borrador o croquis previo; p. 12, grabado presentando un corte longitudinal de la Beagle; fuera de texto, al final, dos mapas, uno del cono sur de Sudamérica y el otro un planisferio con indicación del track de la expedición | ||
| 600 | 0 | 7 | |a BARLOW, NORA |2 CL-VaPUC |9 504858 |
| 600 | 0 | 7 | |a BUTTON, JEMMY |2 CL-VaPUC |9 504859 |
| 600 | 0 | 7 | |a YORK MINSTER |2 CL-VaPUC |9 504860 |
| 600 | 0 | 7 | |a BOAT MEMORY |2 CL-VaPUC |9 504861 |
| 600 | 0 | 7 | |a FUEGIA BASKET |2 CL-VaPUC |9 504862 |
| 600 | 0 | 7 | |a FITZROY, ROBERT |2 CL-VaPUC |9 504863 |
| 650 | 0 | |a Viajes |9 257115 | |
| 650 | 0 | |a Expediciones científicas |9 265222 | |
| 650 | 0 | |a Flora y fauna |9 338564 | |
| 650 | 0 | |a Recursos naturales |9 255232 | |
| 650 | 0 | |a Ilustraciones |9 369481 | |
| 650 | 0 | |a Iconografía |9 267998 | |
| 650 | 0 | |a Mapas |9 260844 | |
| 650 | 0 | |a Arquitectura naval |9 261969 | |
| 650 | 0 | |a Bibliografías |9 257071 | |
| 651 | 0 | |a Argentina |9 254888 | |
| 651 | 0 | |a Brasil |9 267393 | |
| 651 | 7 | |a CHILE |2 CL-VaPUC |9 504864 | |
| 651 | 0 | |a Uruguay |9 255194 | |
| 651 | 0 | |a Quillota |9 265145 | |
| 651 | 0 | |a Valparaíso, Chile |9 261144 | |
| 583 | |a last modification |c 20171220 06:28:52 |k Rodrigo Vera | ||
| 999 | |c 319317 |d 319315 | ||
| 952 | |0 0 |1 0 |4 0 |6 910_400000000000000_DAR_1933 |7 0 |8 X |9 397617 |a FDOBUD |b FDOBUD |d 2019-11-22 |i 1000624 |o 910.4 DAR 1933 |p 1000624 |r 2019-11-22 |w 2019-11-22 |y BK_X |k BUD | ||